000 00531nam a2200181Ia 4500
999 _c20977
_d20977
003 OSt
005 20200625152904.0
008 190216s9999||||xx |||||||||||||| ||und||
020 _a8170490944
040 _coclc
082 _a954.04
_bSUB/Y
100 1 _aSubramanian, S.
_91015
_d1953-
_q(Sreenivasan),
245 0 _a50 Years Of Indian Independence /
_cS Subramanian
260 _bManas Foundations,
_aNew Delhi:
_c1997.
300 _a391p
650 _aHistory
942 _cBK
_2ddc
_h954
_iSUB/Y
_k954
_mSUB/Y